header

Quick reference for professionals and new users (Record no. 85126)

MARC details
000 -LEADER
fixed length control field 01604nam a2200349 a 4500
100 1# - MAIN ENTRY--AUTHOR NAME
Personal name Singh, Vishnu P.
245 10 - TITLE STATEMENT
Title Quick reference for professionals and new users
250 ## - EDITION STATEMENT
Edition statement 2nd rev. ed. /
260 ## - PUBLICATION, DISTRIBUTION, ETC. (IMPRINT)
Place of publication New Delhi, India :
Name of publisher CompuTech Publications Ltd.,
Year of publication 2009, 2008.
300 ## - PHYSICAL DESCRIPTION
Number of Pages 456 p. :
Other physical details ill.
505 0# - FORMATTED CONTENTS NOTE
Formatted contents note pt. 1. MS Word 2007 -- pt. 2. MS Excel 2007 -- pt. 3. MS Powerpoint 2007 -- pt. 4 MS Access 2007 -- pt. 5. MS Outlook 2007 -- pt. 6. MS Office SharePoint Designer 2007.
650 #0 - SUBJECT ADDED ENTRY--TOPICAL TERM
Topical Term Integrated software.
Topical Term Business
856 40 - ELECTRONIC LOCATION AND ACCESS
Uniform Resource Identifier http://site.ebrary.com/lib/rucke/Doc?id=10417240

No items available.

© 2026 Rongo University
Contact us: librarian | system librarian | Rongo university